1589 1653 1520 1554 1876 1480 1395 1355 1003 1923 1982 1563 1523 1763 1861 1512 1657 1428 1796 1353 1445 1808 1582 1188 1589 1892 1458 1986 1232 1802 1101 1543 1478 1937 1952 1946 1122 1237 1917 1290 1537 1076 1635 1977 1810 1961 1091 1670 1474 1844 1896 1823 1542 1723 1485 1964 1194 1017 1101 1697 1772 1822 1160 1433 1098 1059 1065 1012 1941 1065 1749 1447 1069 1773 1458 1081 1126 1093 1396 1921 1803 1489 1862 1474 1237 1228 1569 1929 1140 1810 1170 1828 1795 1585 1447 1685 1486 1116 1676 BCNSPRNW ULIB Ver.6.0+V

เปลี่ยนเป็นภาษาไทย

Change to English
 แสดงรายละเอียดบรรณานุกรม
  กลับหน้าหลัก

Brief Record : Get Marc (ISO 2709) : E-mail record : QR code < ปิดหน้าต่าง
LEADER : 00000nam 2200000uu 4500
001    13399112241
003     ULIB
008    110627s2551||||th 000 0 tha d
020    9789740640233
090    นว.^bป523S 2551
100 0  ปัญญ์ปรียา
245 00 Sweet molecule...มีเธอทุกอณูใจ/^cปัญญ์ปรียา
250    พิมพ์ครั้งที่ 1
260    กรุงเทพฯ :^bแจ่มใส,^c2551
300    464 หน้า
710 1  แจ่มใส
945    ^p279^l0^i023590
995    ทศพร
999 ^a ใช้งานได้ทุกระบบ
รายการนี้ยังไม่มีแท็ก
คุณยังไม่ได้ล็อกอิน คุณสามารถมีกิจกรรมร่วมกับเว็บไซต์ได้ แต่ต้องล็อกอินก่อน ::
  ล็อกอิน

รายการสื่อสารสนเทศ

ลำดับที่ ประเภท เลขเรียก/บาร์โค้ด สถานที่ สถานะ
- ไม่พบข้อมูล -

รายการใกล้เคียง
    ผู้แต่ง [ปัญญ์ปรียา]

BibComment


ยังไม่เคยถูกคอมเมนท์

คอมเมนท์ทรัพยากรรายการนี้
  คอมเมนท์: Sweet moleculeมีเ..


 Copyright 2026. Bcnsprnw @Library